Το εμβατήριο του Ραντέτσκυ : μυθιστόρημα
Αποθηκεύτηκε σε:
| Κύριος συγγραφέας: | |
|---|---|
| Μορφή: | Βιβλίο |
| Γλώσσα: | Greek German |
| Δημοσίευση: |
Αθήνα :
Άγρα,
c2009.
|
| Θέματα: | |
| Ετικέτες: |
Προσθήκη ετικέτας
Δεν υπάρχουν, Καταχωρήστε ετικέτα πρώτοι!
|
MARC
| LEADER | 00000cam a2200000 i 4500 | ||
|---|---|---|---|
| 001 | 1/10420 | ||
| 008 | 101005s2009 gr | ||| |||| ||gre|| | ||
| 020 | |a 9789603258247 | ||
| 035 | |l 10109006 | ||
| 040 | |a GR-MyUa |b gre |e AACR2 | ||
| 041 | 1 | |a gre |h ger | |
| 082 | 7 | |a 833 |2 (22) | |
| 100 | 1 | |a Roth, Joseph, |d 1894-1939. | |
| 245 | 1 | 3 | |a Το εμβατήριο του Ραντέτσκυ : |b μυθιστόρημα / |c Joseph Roth ; μετάφραση Μαρία Αγγελίδου ; πρόλογος. J.M. Coetzee. |
| 260 | |a Αθήνα : |b Άγρα, |c c2009. | ||
| 300 | |a 469 σ. ; |c 21 εκ. | ||
| 500 | |a Τίτλος πρωτοτύπου: Radetykzmarsch. | ||
| 650 | 0 | |a Austrian fiction. | |
| 852 | |a INST |b SYROS |e 20101005 |h 833 ROT |p 005500009584 |q 005500009584 |t BK |y 0 | ||
| 901 | |a BIBL5-2010-3 | ||
| 970 | |a Κοντού |b Παρασκευή |z 05/10/2010 | ||